A program to curb the effects of syncretism on quality of worship in Erinmope District, Ekiti Conference of Seventh-day Adventist Church, Nigeria / (Record no. 25096)

MARC details
000 -LEADER
fixed length control field 00711nam a22001817a 4500
003 - CONTROL NUMBER IDENTIFIER
control field AUA.1
005 - DATE AND TIME OF LATEST TRANSACTION
control field 20251106094432.0
008 - FIXED-LENGTH DATA ELEMENTS--GENERAL INFORMATION
fixed length control field 250627b |||||||| |||| 00| 0 eng d
040 ## - CATALOGING SOURCE
Transcribing agency JTL
100 ## - MAIN ENTRY--PERSONAL NAME
Personal name Adeoye, Oladele Ezekiel
245 ## - TITLE STATEMENT
Title A program to curb the effects of syncretism on quality of worship in Erinmope District, Ekiti Conference of Seventh-day Adventist Church, Nigeria /
Statement of responsibility, etc Oladele Ezekiel Adeoye.
260 ## - PUBLICATION, DISTRIBUTION, ETC. (IMPRINT)
Date of publication, distribution, etc c2023.
300 ## - PHYSICAL DESCRIPTION
Extent xii, 92 leaves :
Other physical details Illustration :
Dimensions 30cm.
610 ## - SUBJECT ADDED ENTRY--CORPORATE NAME
Corporate name or jurisdiction name as entry element Seventh-day Adventist Church :
Subordinate unit Ekiti Conference
General subdivision Erinmope District
Geographic subdivision Nigeria
650 ## - SUBJECT ADDED ENTRY--TOPICAL TERM
Topical term or geographic name as entry element Syncretism (Religion)
650 ## - SUBJECT ADDED ENTRY--TOPICAL TERM
Topical term or geographic name as entry element Worship
942 ## - ADDED ENTRY ELEMENTS (KOHA)
Source of classification or shelving scheme Library of Congress Classification
Koha item type Project
Classification part MA PTh
Item part .A34 2023
Holdings
Withdrawn status Lost status Source of classification or shelving scheme Damaged status Not for loan Collection code Home library Current library Shelving location Date acquired Source of acquisition Serial Enumeration / chronology Total Checkouts Full call number Barcode Date last seen Cost, replacement price Price effective from Koha item type
    Library of Congress Classification     JTL Research Collection Judith Thomas Library Judith Thomas Library Judith Thomas Library Research Section 27/06/2025 Theological Seminary AUA27931   MA PTh .A34 2023 AUA27931 27/06/2025 25.00 27/06/2025 Project